Instruments de musique - Statistiques

Statistiques générales
  • Ce quiz a été pris 1 186 fois
  • Le résultat moyen est 20 sur 47
Statistiques - réponses
Numéro Instruments % Correct
44 Violon
95%
18 Flute
94%
21 Guitare
94%
32 Piano
94%
42 Trompette
86%
45 Violoncelle
86%
7 Batterie
84%
33 Saxophone
81%
12 Clarinette
77%
15 Contrebasse
76%
16 Cor
75%
23 Harpe
69%
38 Tambour
66%
47 Xylophone
64%
22 Harmonica
56%
2 Alto
54%
1 Accordéon
53%
24 Hautbois
53%
31 Orgue
48%
13 Clavecin
46%
28 Maracas
44%
17 Cymbale
41%
4 Banjo
38%
6 Basson
38%
41 Timbale
38%
39 Tambourin
32%
43 Ukulélé
32%
8 Caisse
31%
20 Grosse Caisse
28%
36 Synthétiseur
24%
37 Tam-Tam
24%
27 Mandoline
21%
46 Voix
19%
19 Gong
16%
14 Cloche
14%
26 Lyre
14%
35 Sitar
13%
11 Clairon
12%
9 Carillon
8%
10 Cithare
8%
5 Baryton
5%
29 Métronome
4%
34 Sifflet
4%
3 Balafon
2%
30 Octobasse
2%
40 Thérémine
2%
25 Klaxon
1%
Aucun quiz correspondant
Distribution des résultats
% des personnes avec chaque résultat
Percentile par nombre de réponses
Votre historique - résultats
Vous n’avez pas pris ce quiz